| Tag |
First Indicator |
Second Indicator |
Subfields |
| LEADER |
00000cam a2200000 i 4500 |
| 001 |
in00000040268 |
| 005 |
20151007072411.0 |
| 008 |
780207m19319999au a 00010 ger |
| 010 |
|
|
|a 31030324
|
| 035 |
|
|
|a (OCoLC)03615358
|
| 035 |
|
|
|9 AAE7811AM
|
| 040 |
|
|
|a DLC
|c LNE
|d TXA
|d UtOrBLW
|
| 049 |
|
|
|a TXAM
|d [
|v = v.
|p = pt.]
|v 1 [79005]
|v 2
|p 1 [79006]
|v 3
|p 1 [79007]
|p 2 [79008]
|v 4
|p 1 [79009]
|p 2 [79010]
|
| 050 |
0 |
0 |
|a QK861
|b .K55
|
| 082 |
0 |
|
|a 581.19
|
| 092 |
|
|
|a 581.19
|b K64h
|
| 100 |
1 |
|
|a Klein, Gustav,
|d 1892-
|
| 245 |
1 |
0 |
|a Handbuch der pflanzenanalyse /
|c herausgegeben von G. Klein.
|
| 264 |
|
1 |
|a Wein :
|b J. Springer,
|c 1931-
|
| 300 |
|
|
|a volumes :
|b illustrations ;
|c 26 cm.
|
| 336 |
|
|
|a text
|b txt
|2 rdacontent
|
| 337 |
|
|
|a unmediated
|b n
|2 rdamedia
|
| 338 |
|
|
|a volume
|b nc
|2 rdacarrier
|
| 650 |
|
0 |
|a Plants
|x Analysis.
|
| 999 |
|
|
|a MARS
|
| 999 |
f |
f |
|s fda30c68-07a7-374a-9aad-4059e543c189
|i 1ce82091-ef37-3035-9058-bc803f6fcda3
|t 0
|
| 952 |
f |
f |
|p ric
|a Texas A&M University
|b Rellis Campus
|c Joint Library Facility
|d Remote Storage
|t 0
|e QK861 K55
|h Library of Congress classification
|i unmediated -- volume
|k v.3,pt.1
|m A14800988629
|
| 952 |
f |
f |
|p ric
|a Texas A&M University
|b Rellis Campus
|c Joint Library Facility
|d Remote Storage
|t 0
|e QK861 K55
|h Library of Congress classification
|i unmediated -- volume
|k v.4,pt.2
|m A14800988653
|
| 952 |
f |
f |
|p ric
|a Texas A&M University
|b Rellis Campus
|c Joint Library Facility
|d Remote Storage
|t 0
|e QK861 K55
|h Library of Congress classification
|i unmediated -- volume
|k v.3,pt.2
|m A14800988637
|
| 952 |
f |
f |
|p ric
|a Texas A&M University
|b Rellis Campus
|c Joint Library Facility
|d Remote Storage
|t 0
|e QK861 K55
|h Library of Congress classification
|i unmediated -- volume
|k v.1
|m A14800988603
|
| 952 |
f |
f |
|p ric
|a Texas A&M University
|b Rellis Campus
|c Joint Library Facility
|d Remote Storage
|t 0
|e QK861 K55
|h Library of Congress classification
|i unmediated -- volume
|k v.2,pt.1
|m A14800988611
|
| 952 |
f |
f |
|p ric
|a Texas A&M University
|b Rellis Campus
|c Joint Library Facility
|d Remote Storage
|t 0
|e QK861 K55
|h Library of Congress classification
|i unmediated -- volume
|k v.4,pt.1
|m A14800988645
|
| 998 |
f |
f |
|a QK861 K55
|s pt.2
|t 0
|l Remote Storage
|